Counterpoint: the polyphonic vocal style of the sixteenth century

保存先:
書誌詳細
第一著者: Jeppesen, Knud (著者)
フォーマット: 図書
言語:英語
出版事項: Englewood Cliffs Prentice-Hall 1939
主題:
タグ: タグ追加
タグなし, このレコードへの初めてのタグを付けませんか!

MARC

LEADER 00000nam a2200000 a 4500
001 UCN2687
003 CL-VaPUC
008 010531e19390000us |||||||||||||||||eng|d
082 0 4 |a 782.0286  |b JEP  |2 21 
100 0 |a Jeppesen, Knud  |e author  |9 458802 
245 1 0 |a Counterpoint: the polyphonic vocal style of the sixteenth century 
300 |a 302 p 
942 |c BK 
945 |d 20010531 00:00:00  |a crobeson 
260 |a Englewood Cliffs  |b Prentice-Hall  |c 1939 
650 0 |a Música vocal   |9 306287 
650 0 |a Contrapunto  |9 306432 
650 0 |a Polifonía  |9 327335 
650 0 |a Música siglo 16  |9 306756 
650 0 |a Elementos musicales  |9 306544 
650 0 |a Teoría musical  |9 265760 
583 |a last modification  |c 20150429 04:37:59  |k Rodrigo Vera 
999 |c 295742  |d 295740 
952 |0 0  |1 0  |4 0  |6 782_028600000000000_JEP_1939  |7 0  |8 R  |9 349072  |a BIBEDU  |b BIBEDU  |d 2019-11-20  |i 1185322  |o 782.0286 JEP 1939  |p 1185322  |r 2022-01-17  |w 2019-11-20  |y BK_R  |k MUS